[Event "Chess24 Banter Blitz Cup"]
[Site "chess24.com INT"]
[Date "2019.10.07"]
[Round "1.13"]
[White "Cori, Jorge"]
[Black "Aagaard, Jacob"]
[Result "1-0"]
[WhiteTitle "GM"]
[BlackTitle "GM"]
[WhiteElo "2671"]
[BlackElo "2473"]
[WhiteFideId "3802272"]
[BlackFideId "1401815"]
[EventDate "2019.09.25"]
[EventType "blitz"]

1. d4 Nf6 2. c4 g6 3. Nf3 Bg7 4. e3 O-O 5. Be2 d5 6. cxd5 Nxd5 7. Nc3 Nxc3 8.
bxc3 c5 9. O-O b6 10. Bb2 Bb7 11. Qb3 Nc6 12. Rfd1 Qc7 13. a4 Na5 14. Qa2 Rac8
15. Rac1 Rfd8 16. h3 Bd5 17. c4 Bxf3 18. Bxf3 e5 19. dxc5 Qxc5 20. Rxd8+ Rxd8
21. Ba3 Qc7 22. c5 Qd7 23. c6 Qc7 24. Bd5 Bf8 25. Bxf8 Kxf8 26. e4 Nb7 27. Qa1
Nd6 28. Qxe5 Kg8 29. Qf6 Re8 30. f3 b5 31. axb5 Nxb5 32. Rb1 a6 33. h4 h5 34.
Qxg6+ Kf8 35. Qh6+ Kg8 36. Qxh5 Re5 37. Qg4+ Kf8 38. h5 Qb6+ 39. Kh1 Qe3 40. f4
Re8 41. h6 Qd3 42. Qg7+ Ke7 43. Qxf7+ Kd6 44. Rc1 Rh8 45. Qd7# 1-0

[Event "Chess24 Banter Blitz Cup"]
[Site "chess24.com INT"]
[Date "2019.10.07"]
[Round "1.14"]
[White "Aagaard, Jacob"]
[Black "Cori, Jorge"]
[Result "0-1"]
[WhiteTitle "GM"]
[BlackTitle "GM"]
[WhiteElo "2473"]
[BlackElo "2671"]
[WhiteFideId "1401815"]
[BlackFideId "3802272"]
[EventDate "2019.09.25"]
[EventType "blitz"]

1. e4 c5 2. Nf3 Nc6 3. d4 cxd4 4. Nxd4 e5 5. Nb5 d6 6. N1c3 a6 7. Na3 b5 8. Nd5
Nf6 9. Bg5 Be7 10. Bxf6 Bxf6 11. c3 O-O 12. Nc2 Rb8 13. Be2 Be6 14. O-O Bg5 15.
a3 Ne7 16. Ncb4 Bxd5 17. Nxd5 Nxd5 18. Qxd5 Qb6 19. Rad1 Be7 20. g3 Qb7 21. Qd3
g6 22. h4 Kg7 23. h5 Qc6 24. Bf3 Qc4 25. Qd2 a5 26. h6+ Kg8 27. Rc1 Rfc8 28. Kg2
Qb3 29. Bd1 Qe6 30. Be2 Rd8 31. Rfd1 Bf8 32. Bf3 Qf6 33. Qe3 b4 34. axb4 axb4
35. c4 Qe7 36. Rd5 Ra8 37. b3 Qa7 38. Qxa7 Rxa7 39. Rcd1 Rc8 40. c5 dxc5 41. Be2
Bxh6 42. Bc4 Re8 43. Rd7 Re7 44. Rd8+ Kg7 45. Rc8 Rac7 46. Rxc7 Rxc7 47. Rd5 Kf6
48. Rd8 Bc1 49. Ra8 Bb2 50. Ra6+ Kg7 51. Bd5 Bd4 52. Rb6 c4 53. Bxc4 Bxb6 0-1

[Event "Chess24 Banter Blitz Cup"]
[Site "chess24.com INT"]
[Date "2019.10.08"]
[Round "1.1"]
[White "Salinas Herrera, Pablo"]
[Black "Guseinov, Gadir"]
[Result "1-0"]
[WhiteTitle "IM"]
[BlackTitle "GM"]
[WhiteElo "2507"]
[BlackElo "2660"]
[WhiteFideId "3407128"]
[BlackFideId "13401378"]
[EventDate "2019.09.25"]
[EventType "blitz"]

1. Nf3 Nf6 2. g3 g6 3. b3 Bg7 4. Bb2 O-O 5. Bg2 d6 6. d4 Nbd7 7. O-O Re8 8. c4
Rb8 9. Nc3 b6 10. e4 e5 11. Qd2 exd4 12. Nxd4 Bb7 13. Rfe1 Nc5 14. f3 a5 15.
Rad1 h5 16. Nd5 Nfd7 17. Nb5 Bxb2 18. Qxb2 Bxd5 19. cxd5 Ne5 20. Qc2 h4 21. Nd4
hxg3 22. hxg3 Qf6 23. f4 Ng4 24. Bf3 Ne5 25. Bg2 Ng4 26. Nc6 Ra8 27. Bf3 Ne5 28.
Kg2 Nxc6 29. dxc6 Re7 30. a3 a4 31. b4 Nb3 32. Rh1 Rae8 33. Rde1 Qg7 34. Qd3 Nd4
35. Bd1 b5 36. Re3 Qf6 37. Rhe1 Qg7 38. e5 Nf5 39. R3e2 dxe5 40. fxe5 Rxe5 41.
Rxe5 Rxe5 42. Re4 Rxe4 43. Qxe4 Qb2+ 44. Kg1 Qd4+ 45. Qxd4 Nxd4 46. Kf2 Kf8 47.
Ke3 Nxc6 48. Be2 Ne5 49. Bxb5 Ke7 50. Bxa4 Kd6 51. Bb3 Nc4+ 52. Bxc4 g5 53. Bd3 1-0

[Event "Chess24 Banter Blitz Cup"]
[Site "chess24.com INT"]
[Date "2019.10.08"]
[Round "1.2"]
[White "Guseinov, Gadir"]
[Black "Salinas Herrera, Pablo"]
[Result "1-0"]
[WhiteTitle "GM"]
[BlackTitle "IM"]
[WhiteElo "2660"]
[BlackElo "2507"]
[WhiteFideId "13401378"]
[BlackFideId "3407128"]
[EventDate "2019.09.25"]
[EventType "blitz"]

1. e4 e5 2. Nf3 Nc6 3. Bb5 a6 4. Bxc6 dxc6 5. O-O Qf6 6. d4 exd4 7. Bg5 Qd6 8.
Nxd4 Bd7 9. Nc3 Ne7 10. Bh4 O-O-O 11. Bg3 Qf6 12. Qh5 Qxd4 13. Qa5 Qb6 14. Qxb6
cxb6 15. Na4 Nd5 16. exd5 Bc5 17. Rad1 Rhe8 18. a3 cxd5 19. Nxc5 bxc5 20. Rxd5
Bc6 21. Rxc5 Rd2 22. Bf4 Rde2 23. h3 f6 24. b4 R8e4 25. Bg3 Rd4 26. c3 Rd3 27.
a4 Kd7 28. Kh2 b6 29. Rc4 Bxa4 30. Rc7+ Ke6 31. Ra1 Bb5 32. c4 Rd7 33. cxb5 1-0

[Event "Chess24 Banter Blitz Cup"]
[Site "chess24.com INT"]
[Date "2019.10.08"]
[Round "1.3"]
[White "Salinas Herrera, Pablo"]
[Black "Guseinov, Gadir"]
[Result "0-1"]
[WhiteTitle "IM"]
[BlackTitle "GM"]
[WhiteElo "2507"]
[BlackElo "2660"]
[WhiteFideId "3407128"]
[BlackFideId "13401378"]
[EventDate "2019.09.25"]
[EventType "blitz"]

1. Nf3 b6 2. g3 Bb7 3. Bg2 g6 4. O-O Bg7 5. c4 d6 6. d4 Nd7 7. Nc3 Ngf6 8. Qc2
O-O 9. e4 e5 10. d5 Kh8 11. Ne1 a5 12. Nd3 Nc5 13. Nxc5 bxc5 14. Be3 Ng4 15. Bd2
f5 16. f3 Nf6 17. Rae1 f4 18. gxf4 Nh5 19. fxe5 Bxe5 20. Ne2 Qh4 21. f4 Nxf4 22.
Nxf4 Bxf4 23. Bxf4 Rxf4 24. Qc3+ Kg8 25. Rxf4 Qxf4 26. e5 dxe5 27. Qxe5 Qxe5 28.
Rxe5 Kf7 29. Re3 Ra6 30. Bh3 Rb6 31. Be6+ Kf6 32. b3 a4 33. Kf2 axb3 34. axb3
Rd6 35. Bg4 c6 36. Re6+ Rxe6 37. dxe6 h5 38. Bh3 g5 39. Ke3 g4 40. Bg2 Kxe6 41.
Kf4 Kf6 42. Be4 Bc8 43. Bxc6 Bf5 44. Be4 Bxe4 45. Kxe4 Kg5 46. b4 cxb4 47. c5
Kf6 48. Kd5 b3 49. c6 Ke7 50. c7 Kd7 51. Kc4 b2 52. c8=Q+ Kxc8 53. Kd5 b1=Q 54.
Ke5 Qh1 55. Kf4 Qxh2+ 56. Kg5 Qf2 57. Kh6 g3 58. Kxh5 g2 59. Kh6 g1=Q 60. Kh7
Qfh2# 0-1

[Event "Chess24 Banter Blitz Cup"]
[Site "chess24.com INT"]
[Date "2019.10.08"]
[Round "1.4"]
[White "Guseinov, Gadir"]
[Black "Salinas Herrera, Pablo"]
[Result "0-1"]
[WhiteTitle "GM"]
[BlackTitle "IM"]
[WhiteElo "2660"]
[BlackElo "2507"]
[WhiteFideId "13401378"]
[BlackFideId "3407128"]
[EventDate "2019.09.25"]
[EventType "blitz"]

1. e4 e5 2. Nf3 Nc6 3. Bb5 a6 4. Bxc6 dxc6 5. O-O Qf6 6. d4 exd4 7. Bg5 Qd6 8.
Nxd4 Bd7 9. Nc3 Ne7 10. Qd2 c5 11. Nb3 Qxd2 12. Bxd2 b6 13. Bf4 O-O-O 14. Rfd1
f6 15. a4 a5 16. Nb5 Bxb5 17. Rxd8+ Kxd8 18. axb5 Ng6 19. Rd1+ Kc8 20. Bg3 h5
21. h4 Be7 22. Kf1 Rd8 23. Rxd8+ Bxd8 24. Nd2 Kd7 25. Nc4 c6 26. bxc6+ Kxc6 27.
Ke2 b5 28. Ne3 Ne7 29. f4 c4 30. Be1 Bb6 31. f5 Nc8 32. Nd5 Nd6 33. Nf4 Nxe4 34.
Nxh5 b4 35. Nxg7 Bd4 36. c3 bxc3 37. bxc3 Bxc3 38. Bxc3 Nxc3+ 39. Kd2 Nd5 40. h5
a4 41. h6 a3 42. h7 a2 43. h8=Q a1=Q 44. Qe8+ Kc5 45. Qf8+ Kd4 46. Ne6+ Ke5 47.
Qb8+ Kxf5 48. Ng7+ Kg6 49. Qg3+ Kf7 50. Nf5 Qb2+ 51. Ke1 Qb1+ 52. Kf2 Qxf5+ 53.
Kg1 Qb1+ 54. Kh2 Qh7+ 0-1

[Event "Chess24 Banter Blitz Cup"]
[Site "chess24.com INT"]
[Date "2019.10.08"]
[Round "1.5"]
[White "Salinas Herrera, Pablo"]
[Black "Guseinov, Gadir"]
[Result "0-1"]
[WhiteTitle "IM"]
[BlackTitle "GM"]
[WhiteElo "2507"]
[BlackElo "2660"]
[WhiteFideId "3407128"]
[BlackFideId "13401378"]
[EventDate "2019.09.25"]
[EventType "blitz"]

1. b3 b6 2. Bb2 Bb7 3. Nf3 Nf6 4. g3 g6 5. Bg2 Bg7 6. O-O O-O 7. c4 d6 8. d4
Nbd7 9. Nc3 e5 10. Qd2 exd4 11. Nxd4 Bxg2 12. Kxg2 Re8 13. Rad1 Qc8 14. f3 a5
15. e4 Nc5 16. Rfe1 a4 17. b4 Ne6 18. Nxe6 Qxe6 19. Nd5 Nxd5 20. cxd5 Qd7 21.
Bxg7 Kxg7 22. Qc3+ Kg8 23. Rc1 Re7 24. Qf6 Rae8 25. a3 Re5 26. Rc6 Rxd5 27. Rec1
Rd2+ 0-1

[Event "Chess24 Banter Blitz Cup"]
[Site "chess24.com INT"]
[Date "2019.10.08"]
[Round "1.6"]
[White "Guseinov, Gadir"]
[Black "Salinas Herrera, Pablo"]
[Result "1-0"]
[WhiteTitle "GM"]
[BlackTitle "IM"]
[WhiteElo "2660"]
[BlackElo "2507"]
[WhiteFideId "13401378"]
[BlackFideId "3407128"]
[EventDate "2019.09.25"]
[EventType "blitz"]

1. e4 e5 2. Nf3 Nc6 3. Bb5 a6 4. Ba4 d6 5. c3 Bd7 6. O-O g6 7. d4 Bg7 8. Be3 Nf6
9. dxe5 Nxe5 10. Nxe5 dxe5 11. Bxd7+ Qxd7 12. Qxd7+ Kxd7 13. f3 Ke6 14. Kf2 h5
15. h4 Nd7 16. Nd2 Bf8 17. b4 Rd8 18. Nc4 Be7 19. g3 b6 20. Rfd1 Nb8 21. a4 Rxd1
22. Rxd1 Rd8 23. Rc1 f5 24. Ke2 Nd7 25. Bg5 Bxg5 26. hxg5 fxe4 27. fxe4 Nf8 28.
a5 Nh7 29. axb6 cxb6 30. Ra1 Rc8 31. Kd3 Rd8+ 32. Ke2 Nxg5 33. Rxa6 Nxe4 34.
Rxb6+ Kf5 35. Ne3+ Kg5 36. c4 Nxg3+ 37. Kf3 h4 38. c5 e4+ 39. Kg2 Rd2+ 40. Kh3
Nh5 41. Ng2 Rd3+ 42. Kh2 h3 43. Ne1 Re3 44. c6 Rxe1 45. c7 Rc1 46. Rb5+ Kg4 47.
Rc5 Rg1 48. c8=Q+ Kf3 49. Kxg1 Nf4 50. Rc3+ e3 51. Qc6+ Kg4 52. Rxe3 g5 53. Qf3+
Kh4 54. Qg3+ Kh5 55. Qxh3+ 1-0

[Event "Chess24 Banter Blitz Cup"]
[Site "chess24.com INT"]
[Date "2019.10.08"]
[Round "1.7"]
[White "Salinas Herrera, Pablo"]
[Black "Guseinov, Gadir"]
[Result "0-1"]
[WhiteTitle "IM"]
[BlackTitle "GM"]
[WhiteElo "2507"]
[BlackElo "2660"]
[WhiteFideId "3407128"]
[BlackFideId "13401378"]
[EventDate "2019.09.25"]
[EventType "blitz"]

1. e4 c5 2. Nf3 g6 3. d4 cxd4 4. Qxd4 Nf6 5. Nc3 Nc6 6. Qa4 d6 7. e5 dxe5 8.
Nxe5 Bg7 9. Nxc6 bxc6 10. Qxc6+ Bd7 11. Qa6 O-O 12. Be2 Bf5 13. Qa4 Nd7 14. O-O
Nb6 15. Qh4 Bxc2 16. Bg5 Re8 17. Rac1 Bf5 18. Rfd1 Qb8 19. Bxe7 Qb7 20. Bf6 Bxf6
21. Qxf6 Nd7 22. Qh4 Qxb2 23. Bc4 Ne5 24. Nd5 Nd7 25. Nc7 Re4 26. Bxf7+ Kg7 27.
Qg3 Rf8 28. Bb3 Rg4 29. Qc3+ Qxc3 30. Rxc3 Nf6 31. f3 Rb4 32. g4 Bc8 33. Re3 Ng8
34. h3 Rb7 35. Ne6+ Bxe6 36. Rxe6 Nf6 37. Re3 Rc7 38. Rde1 Ng8 39. Kg2 a5 40.
Kg3 Ra7 41. Re4 Rb7 42. h4 Ra7 43. g5 h6 44. Bxg8 Kxg8 45. Re7 Rxe7 46. Rxe7
hxg5 47. hxg5 Rf5 48. f4 Rb5 49. Kg4 Rb2 50. Re8+ Kf7 51. Ra8 Rxa2 52. Ra7+ Kf8
53. Ra6 Kf7 54. Ra7+ Kf8 55. Ra6 Kf7 56. f5 Ra4+ 57. Kf3 gxf5 58. g6+ Kg7 59.
Rb6 Ra3+ 60. Kf4 Ra1 61. Kg5 Rg1+ 62. Kxf5 Rf1+ 63. Ke4 Re1+ 64. Kd3 Re7 65. Rb7
Rxb7 66. Kc4 Ra7 67. Kc3 a4 68. Kc4 a3 69. Kc3 a2 70. Kb4 Rb7+ 0-1

[Event "Chess24 Banter Blitz Cup"]
[Site "chess24.com INT"]
[Date "2019.10.08"]
[Round "1.8"]
[White "Guseinov, Gadir"]
[Black "Salinas Herrera, Pablo"]
[Result "0-1"]
[WhiteTitle "GM"]
[BlackTitle "IM"]
[WhiteElo "2660"]
[BlackElo "2507"]
[WhiteFideId "13401378"]
[BlackFideId "3407128"]
[EventDate "2019.09.25"]
[EventType "blitz"]

1. e4 e5 2. Nf3 Nc6 3. Bb5 a6 4. Bxc6 dxc6 5. O-O Qf6 6. d4 exd4 7. Bg5 Qd6 8.
Nxd4 Bd7 9. Nc3 Ne7 10. Bh4 O-O-O 11. Bg3 Qf6 12. Qh5 Qxd4 13. Qa5 Qb6 14. Qxb6
cxb6 15. Na4 Nd5 16. exd5 Bc5 17. Rad1 Rhe8 18. a3 Bg4 19. Nxc5 bxc5 20. f3 Bd7
21. Rf2 cxd5 22. b4 cxb4 23. axb4 Bb5 24. Rfd2 Bc4 25. Kf2 Kd7 26. Bf4 Kc6 27.
Be3 f6 28. c3 Re6 29. Re1 Rde8 30. h4 h5 31. Rb2 Kb5 32. Rd2 Kc6 33. Rb2 b6 34.
Rbb1 Kb5 35. Rb2 g6 0-1

[Event "Chess24 Banter Blitz Cup"]
[Site "chess24.com INT"]
[Date "2019.10.08"]
[Round "1.9"]
[White "Salinas Herrera, Pablo"]
[Black "Guseinov, Gadir"]
[Result "0-1"]
[WhiteTitle "IM"]
[BlackTitle "GM"]
[WhiteElo "2507"]
[BlackElo "2660"]
[WhiteFideId "3407128"]
[BlackFideId "13401378"]
[EventDate "2019.09.25"]
[EventType "blitz"]

1. d4 Nf6 2. Bf4 g6 3. Nc3 Bg7 4. e4 d6 5. Qd2 c6 6. O-O-O b5 7. f3 Qa5 8. Kb1
b4 9. Nce2 Be6 10. Nc1 Nbd7 11. h4 Nb6 12. Nh3 Na4 13. Nb3 Qb6 14. Ng5 Bd7 15.
Bc4 Rf8 16. e5 Nd5 17. Bxd5 cxd5 18. exd6 e6 19. Nxh7 Rh8 20. Ng5 f6 21. Nh3 Kf7
22. Rhe1 Rac8 23. g4 Rxh4 24. Rh1 Rch8 25. Nf2 Rxh1 26. Nxh1 Bf8 27. g5 Bxd6 28.
gxf6 Qc7 29. Bxd6 Qxd6 30. Nf2 Rh2 31. Qe3 Nb6 32. Ng4 Nc4 33. Ne5+ Nxe5 34.
dxe5 Qc7 35. Nd4 Rh5 36. f4 Qc4 37. Nf3 Qc7 38. Ng5+ Kf8 39. Qd3 Rh6 40. Rg1 Qc8
41. Rd1 Be8 42. Qd4 Qd7 43. Qxb4+ Kg8 44. a3 Rh2 45. Rd3 Rh1+ 46. Ka2 Rh5 47.
Rc3 a5 48. Qb8 Rxg5 49. Rc8 d4 50. Rxe8+ Qxe8 51. Qxe8+ Kh7 52. Qf7+ Kh6 0-1

[Event "Chess24 Banter Blitz Cup"]
[Site "chess24.com INT"]
[Date "2019.10.08"]
[Round "1.10"]
[White "Guseinov, Gadir"]
[Black "Salinas Herrera, Pablo"]
[Result "1-0"]
[WhiteTitle "GM"]
[BlackTitle "IM"]
[WhiteElo "2660"]
[BlackElo "2507"]
[WhiteFideId "13401378"]
[BlackFideId "3407128"]
[EventDate "2019.09.25"]
[EventType "blitz"]

1. e4 e5 2. Nf3 Nc6 3. Nc3 Nf6 4. a3 d5 5. Bb5 dxe4 6. Nxe5 Qd6 7. d4 exd3 8.
Bf4 Qc5 9. Qxd3 Bd6 10. b4 Qb6 11. Na4 1-0

[Event "Chess24 Banter Blitz Cup"]
[Site "chess24.com INT"]
[Date "2019.10.08"]
[Round "1.11"]
[White "Salinas Herrera, Pablo"]
[Black "Guseinov, Gadir"]
[Result "0-1"]
[WhiteTitle "IM"]
[BlackTitle "GM"]
[WhiteElo "2507"]
[BlackElo "2660"]
[WhiteFideId "3407128"]
[BlackFideId "13401378"]
[EventDate "2019.09.25"]
[EventType "blitz"]

1. d4 Nf6 2. Bf4 g6 3. Nc3 Bg7 4. e4 d6 5. Qd2 c6 6. O-O-O b5 7. f3 Qa5 8. Kb1
Nbd7 9. h4 Nb6 10. Bd3 Rb8 11. Nce2 Qxd2 12. Bxd2 a6 13. Nh3 c5 14. c3 h6 15.
Bc2 Nc4 16. Bc1 cxd4 17. cxd4 Nd7 18. Nhf4 Ndb6 19. Nc3 Bb7 20. Rhe1 Rc8 21.
Nce2 O-O 22. b3 Na5 23. Bb2 Rc7 24. Bd3 Rfc8 25. Rc1 Nc6 26. a3 e5 27. dxe5 Nxe5
28. Rxc7 Rxc7 29. Bc2 a5 30. Rd1 Bf8 31. Nd4 Ba6 32. h5 a4 33. hxg6 Nxg6 34.
Nxg6 fxg6 35. Ne6 Rc6 36. Nxf8 Kxf8 37. Bd4 axb3 38. Bxb3 Nc4 39. Bb2 Bc8 40.
Bc1 h5 41. Rd5 Rb6 42. Ka1 Be6 43. Rg5 Kf7 44. Rg3 Ra6 45. f4 b4 46. a4 Na5 47.
Bxe6+ Kxe6 48. Kb2 Kf7 49. f5 gxf5 50. exf5 Rc6 51. Rg5 b3 52. Be3 Rc2+ 53. Ka3
Ra2+ 54. Kb4 b2 55. Kxa5 b1=Q 56. Bd4 Qd1 57. Rg7+ Kf8 58. Bc3 Qxa4+ 59. Kb6
Qb3+ 60. Kc6 Qxc3+ 61. Kd7 Qxg7+ 62. Kxd6 Qe7+ 63. Kd5 Ra4 64. f6 Qe4+ 0-1

[Event "Chess24 Banter Blitz Cup"]
[Site "chess24.com INT"]
[Date "2019.10.08"]
[Round "1.12"]
[White "Guseinov, Gadir"]
[Black "Salinas Herrera, Pablo"]
[Result "1-0"]
[WhiteTitle "GM"]
[BlackTitle "IM"]
[WhiteElo "2660"]
[BlackElo "2507"]
[WhiteFideId "13401378"]
[BlackFideId "3407128"]
[EventDate "2019.09.25"]
[EventType "blitz"]

1. e4 c5 2. Nf3 d6 3. d4 cxd4 4. Nxd4 Nf6 5. Nc3 a6 6. Bg5 Nbd7 7. f4 Qa5 8. Bc4
Nxe4 9. O-O Nef6 10. Kh1 Qc5 11. Bb3 b5 12. Qf3 Rb8 13. Rad1 Bb7 14. Qh3 b4 15.
Na4 Qc7 16. Rfe1 g6 17. Bxf7+ Kxf7 18. Qe6+ Kg7 19. Qh3 Bd5 20. c4 Bf7 21. Re6
h6 22. Bh4 Qxc4 23. b3 Qd5 24. f5 g5 25. Qg3 Nh5 26. Qf2 Ndf6 27. Bg3 Kg8 28.
Ree1 Qb7 29. Ne6 Bxe6 30. fxe6 Nxg3+ 31. Qxg3 Bg7 32. Nb2 Kh7 33. Qd3+ Kg8 34.
Nc4 h5 35. Ne3 Qe4 36. Qf1 Qg6 37. Nf5 Re8 38. Re2 Kh7 39. Rf2 Rhf8 40. Qe2 Ng4
41. Rdf1 Nxf2+ 42. Qxf2 Rf6 43. h3 Ref8 44. g4 hxg4 45. hxg4 Bh6 46. Qh2 Rxe6
47. Qf2 Ref6 48. Qf3 e6 49. Qb7+ R8f7 50. Qe4 exf5 51. gxf5 Rxf5 52. Rxf5 Rxf5
53. Qb7+ Bg7 54. Kg2 g4 55. Qc6 Rh5 56. Qc4 g3 57. Kf3 Rh2 58. Qf4 Rf2+ 59. Ke3
Rxf4 60. Kxf4 Be5+ 61. Ke3 g2 62. Kd2 g1=Q 63. Ke2 Qe4+ 64. Kd2 Qf2+ 65. Kc1 1-0

[Event "Chess24 Banter Blitz Cup"]
[Site "chess24.com INT"]
[Date "2019.10.08"]
[Round "1.1"]
[White "Vaibhav, Suri"]
[Black "Quesada Perez, Yuniesky"]
[Result "0-1"]
[WhiteTitle "GM"]
[BlackTitle "GM"]
[WhiteElo "2597"]
[BlackElo "2615"]
[WhiteFideId "5045185"]
[BlackFideId "3504409"]
[EventDate "2019.09.25"]
[EventType "blitz"]

1. d4 Nf6 2. c4 e6 3. Nc3 Bb4 4. e3 O-O 5. Nf3 d5 6. Bd2 b6 7. cxd5 exd5 8. Rc1
Bb7 9. Bd3 Nbd7 10. O-O Be7 11. Ne5 c5 12. Be1 Rc8 13. f3 a6 14. Bf2 Re8 15. f4
cxd4 16. exd4 Ne4 17. Nxe4 Rxc1 18. Qxc1 dxe4 19. Bc4 Nxe5 20. fxe5 b5 21. Bb3
Bd5 22. Qc2 Qd7 23. Rc1 Bg5 24. Qc7 Qe6 25. Bxd5 Qxd5 26. Qc6 Qxc6 27. Rxc6 e3
28. Be1 Rd8 29. h4 Bh6 30. d5 Bf4 31. d6 g6 32. Ba5 Rf8 33. d7 e2 34. Kf2 Bxe5
35. Rc8 Bf6 36. Bb4 Rd8 37. Ba5 Bxh4+ 38. Kxe2 Rf8 39. Rxf8+ Kxf8 40. d8=Q+ Bxd8
41. Bxd8 Ke8 42. Bg5 Kd7 43. Bh6 Ke6 44. g4 f6 0-1

[Event "Chess24 Banter Blitz Cup"]
[Site "chess24.com INT"]
[Date "2019.10.08"]
[Round "1.2"]
[White "Quesada Perez, Yuniesky"]
[Black "Vaibhav, Suri"]
[Result "1/2-1/2"]
[WhiteTitle "GM"]
[BlackTitle "GM"]
[WhiteElo "2615"]
[BlackElo "2597"]
[WhiteFideId "3504409"]
[BlackFideId "5045185"]
[EventDate "2019.09.25"]
[EventType "blitz"]

1. e4 c5 2. Nf3 d6 3. d4 cxd4 4. Nxd4 Nf6 5. Nc3 Nc6 6. Bg5 e6 7. Qd2 a6 8.
O-O-O Bd7 9. f4 Be7 10. Nf3 h6 11. Bxf6 Bxf6 12. Qxd6 Be7 13. Qd2 Qc7 14. Kb1
O-O-O 15. e5 Na5 16. Ne4 Ba4 17. Bd3 Nc4 18. Qe2 Nb6 19. g3 Kb8 20. Nc3 Bc6 21.
Be4 Na4 22. Nxa4 Bxa4 23. Rxd8+ Rxd8 24. Rd1 Rxd1+ 25. Qxd1 Qc4 26. Qd3 Qxd3 27.
Bxd3 Bc6 28. Nd2 Bc5 29. Be4 Bb5 30. c4 Bb4 31. cxb5 Bxd2 32. bxa6 bxa6 33. Bc6
f5 34. Bd7 Be3 35. Bxe6 Bg1 36. h3 Bh2 37. g4 fxg4 38. Bxg4 Bxf4 39. e6 Bd6 40.
Kc2 Kc7 41. Kd3 Be7 42. Kc4 Kd6 43. b4 g6 44. b5 axb5+ 45. Kxb5 h5 46. Bf3 Kxe6
47. a4 Bg5 48. a5 Be3 49. Kc6 Kf6 50. Kb7 Kg5 51. Be4 Kh4 52. Bxg6 Kxh3 53. Bxh5
Kg3 54. a6 Kf4 55. a7 Bxa7 1/2-1/2

[Event "Chess24 Banter Blitz Cup"]
[Site "chess24.com INT"]
[Date "2019.10.08"]
[Round "1.3"]
[White "Vaibhav, Suri"]
[Black "Quesada Perez, Yuniesky"]
[Result "1-0"]
[WhiteTitle "GM"]
[BlackTitle "GM"]
[WhiteElo "2597"]
[BlackElo "2615"]
[WhiteFideId "5045185"]
[BlackFideId "3504409"]
[EventDate "2019.09.25"]
[EventType "blitz"]

1. e4 e5 2. Nf3 Nc6 3. Bb5 Nf6 4. O-O Nxe4 5. d4 Nd6 6. Bxc6 dxc6 7. dxe5 Nf5 8.
Qxd8+ Kxd8 9. h3 h6 10. Nc3 Ke8 11. Ne2 Bd7 12. b3 Ne7 13. Bb2 Ng6 14. Rad1 Rd8
15. c4 h5 16. Kh2 Be7 17. Rfe1 Bc8 18. Rxd8+ Bxd8 19. e6 f6 20. Ned4 Be7 21. Nf5
Rg8 22. g3 Bc5 23. Kg2 Ne7 24. N3h4 Nxf5 25. Nxf5 g6 26. Nh4 Ke7 27. f4 f5 28.
Nf3 Rd8 29. Re2 Rd1 30. Nh4 Bxe6 31. Nxg6+ Kf7 32. Nh8+ Ke7 33. Ng6+ Kf7 34.
Ne5+ Ke7 35. Nf3 Kd7 36. Ne5+ Ke7 37. h4 a6 38. Bc3 Bd6 39. Ng6+ Kd7 40. Bg7 Bf7
41. Ne5+ Bxe5 42. Bxe5 Be6 43. Kf3 Rd3+ 44. Kf2 Rd1 45. Re3 c5 46. Re2 Rd3 47.
Re3 b6 48. Rxd3+ 1-0

[Event "Chess24 Banter Blitz Cup"]
[Site "chess24.com INT"]
[Date "2019.10.08"]
[Round "1.4"]
[White "Quesada Perez, Yuniesky"]
[Black "Vaibhav, Suri"]
[Result "0-1"]
[WhiteTitle "GM"]
[BlackTitle "GM"]
[WhiteElo "2615"]
[BlackElo "2597"]
[WhiteFideId "3504409"]
[BlackFideId "5045185"]
[EventDate "2019.09.25"]
[EventType "blitz"]

1. e4 c6 2. Nc3 d5 3. Nf3 Bg4 4. h3 Bxf3 5. Qxf3 Nf6 6. Be2 e6 7. O-O Bc5 8. d3
O-O 9. Kh1 Nbd7 10. Qg3 Kh8 11. f4 Qc7 12. Bf3 a6 13. Nd1 Rg8 14. e5 Ne8 15. Ne3
f5 16. exf6 gxf6 17. Qh4 Nf8 18. f5 Bxe3 19. Bxe3 e5 20. c4 d4 21. Bh6 Qe7 22.
Rae1 Rd8 23. a3 Nd6 24. Bg4 Nd7 25. b4 Nf7 26. Bd2 Ng5 27. Re2 a5 28. Rfe1 axb4
29. Bxb4 Nc5 30. Qh6 b6 31. Bh5 Ra8 32. Rb1 Rgf8 33. Reb2 Qg7 34. Qxg7+ Kxg7 35.
Bxc5 bxc5 36. Rb7+ Kh6 37. Be2 Rxa3 38. h4 Nf7 39. Rc7 e4 40. dxe4 d3 41. Bd1
Rc3 42. Rbb7 Rxc4 43. Rxf7 Rxf7 44. Rxf7 Rc1 45. Rxf6+ Kg7 46. Rxc6 c4 47. Kh2
Rxd1 48. Rxc4 d2 49. Rd4 Kf6 50. Rd5 h5 51. Kg3 Re1 52. Kh2 Rxe4 53. Rd6+ Kxf5
54. Rxd2 Rxh4+ 55. Kg1 Rg4 56. Rf2+ Kg5 57. Kf1 Kh4 58. Rf3 Rg5 0-1

[Event "Chess24 Banter Blitz Cup"]
[Site "chess24.com INT"]
[Date "2019.10.08"]
[Round "1.5"]
[White "Vaibhav, Suri"]
[Black "Quesada Perez, Yuniesky"]
[Result "1-0"]
[WhiteTitle "GM"]
[BlackTitle "GM"]
[WhiteElo "2597"]
[BlackElo "2615"]
[WhiteFideId "5045185"]
[BlackFideId "3504409"]
[EventDate "2019.09.25"]
[EventType "blitz"]

1. e4 e5 2. Nf3 Nc6 3. Bb5 Nf6 4. O-O Nxe4 5. d4 Nd6 6. Bxc6 dxc6 7. dxe5 Nf5 8.
Qxd8+ Kxd8 9. h3 h6 10. Nc3 Ke8 11. Ne2 Bd7 12. Rd1 Rd8 13. b3 Ne7 14. Nf4 Bf5
15. Rxd8+ Kxd8 16. Nd4 Bh7 17. Bb2 c5 18. Nb5 a6 19. Rd1+ Kc8 20. Na3 Nc6 21. e6
f6 22. Rd7 Nd8 23. Rd2 Bd6 24. Nh5 Nxe6 25. Nc4 Kd7 26. a4 Bg6 27. Ng3 Re8 28.
Ne2 Kc6 29. f3 Bf8 30. Kf2 Rd8 31. Na5+ Kb6 32. Nc4+ Ka7 33. Rxd8 Nxd8 34. Ne3
Ne6 35. g4 Kb6 36. f4 Bf7 37. f5 Nd8 38. Nf4 Kc6 39. c4 Bd6 40. Kf3 Kd7 41. h4
Nc6 42. Nd3 Nd4+ 43. Bxd4 cxd4 44. Nc2 c5 45. Ke4 b6 46. Nce1 Ke7 47. Nf3 Be8
48. Nf4 Bc6+ 49. Nd5+ Kd7 50. Ne1 b5 51. Nd3 bxa4 52. bxa4 Kd8 53. a5 Ke8 54. h5
Kf7 55. Nb2 Ke8 56. Nd3 Kd7 57. Nf2 Bc7 58. Nd3 Kd6 59. Nf4 Bd7 60. Ne6 Bxe6 61.
fxe6 Bxa5 62. e7 Kd7 63. Kf5 d3 64. Kg6 Bd8 65. Kf7 Bxe7 66. Nb6+ Kc6 67. Nd5 d2
68. Ne3 d1=Q 69. Nxd1 Kd7 70. Nc3 Bd6 71. Ne4 Be5 72. Nxf6+ Kc6 73. Ne8 1-0

[Event "Chess24 Banter Blitz Cup"]
[Site "chess24.com INT"]
[Date "2019.10.08"]
[Round "1.6"]
[White "Quesada Perez, Yuniesky"]
[Black "Vaibhav, Suri"]
[Result "0-1"]
[WhiteTitle "GM"]
[BlackTitle "GM"]
[WhiteElo "2615"]
[BlackElo "2597"]
[WhiteFideId "3504409"]
[BlackFideId "5045185"]
[EventDate "2019.09.25"]
[EventType "blitz"]

1. e4 c6 2. Nc3 d5 3. Nf3 Bg4 4. h3 Bxf3 5. Qxf3 e6 6. Qg3 Nf6 7. d3 h5 8. Be2
h4 9. Qf3 g6 10. Bg5 Be7 11. O-O-O Nbd7 12. Qe3 Qb6 13. d4 dxe4 14. Nxe4 Nxe4
15. Bxe7 Kxe7 16. Qxe4 Nf6 17. Qf4 Rad8 18. Rd2 Rd7 19. Rhd1 Qc7 20. Qe3 Qd6 21.
c4 a6 22. Qg5 Qc7 23. Kb1 Qd8 24. d5 cxd5 25. cxd5 Rxd5 26. Rxd5 exd5 27. Bf3
Kf8 28. Bxd5 Rh5 0-1